00428nam a2200133Ia 4500008004100000020001800041050001800059100001900077245005400096260003200150300002000182440005300202650003900255120720s9999 xx 000 0 und d a84-395-2171-5 aB804 F76 1992 aFREUD, SIGMUND aLA INTERPRETACION DE LOS SUEÑOS / SIGMUND FREUD aESPAÑA : PLANETA AGOSTINI a690 P. / 22 CM. aOBRAS MAESTRAS DEL PENSAMIENTO CONTEMPORANEO ; 3 a1. SUEÑOS 2. PSICOANALISISÌÌ